000 01598nam0a22003131 4500
001 v19\rc\1543074
005 20260407212341.0
035 _a(NLR Aleph) 004660415
090 _a3542697
_c3542697
100 _a20060620d1877 |||y0rusy50 ca
101 0 _arus
_afre
102 _aRU
105 _ay z |||||
200 1 _aТрактат о торговле и мореплавании, заключенный между Россией и Испанией 11/23 февраля 1876 года
210 _a[Санкт-Петербург
_d1877]
215 _a[12] с.
_d34
300 _aТекст парал. рус. и фр.
309 _aБез тит. л. и обл.
327 0 _aС. [1]: "Указ его императорского величества самодержца всероссийского из Правительствующего сената..."
464 0 _12001#$aУказ его императорского величества самодержца всероссийского из Правительствующего сената...
_1215##$aС. 1
_tУказ его императорского величества самодержца всероссийского из Правительствующего сената...
740 1 _aРоссия
_tДоговоры
_3RU\NLR\AUTH\889957979
_9412045
741 1 _aИспания
_tДоговоры
_3RU\NLR\AUTH\8810141567
_9777908
801 0 _aRU
_bNLR
_gpsbo
801 0 _aRU
_bRuMoRGB
_2psbo
801 1 _aRU
_bProSoft-M
_2rusmarc
852 _aNLR
_j18.122.7.347
942 _cBOOK
980 _aNB